Madden NFL 24 Top 20 TEs - Statistics

General Stats
  • This quiz has been taken 293 times
  • The average score is 14 of 20
Answer Stats
Club Overall Player % Correct
Kansas City Chiefs 99 Travis Kelce
100%
San Francisco 49ers 96 George Kittle
99%
Baltimore Ravens 95 Mark Andrews
99%
Minnesota Vikings 90 T.J. Hockenson
96%
Atlanta Falcons 87 Kyle Pitts
94%
Philadelphia Eagles 89 Dallas Goedert
89%
Cleveland Browns 84 David Njoku
83%
Buffalo Bills 83 Dawson Knox
82%
Jacksonville Jaguars 84 Evan Engram
81%
New York Giants 86 Darren Waller
79%
Chicago Bears 79 Cole Kmet
71%
New England Patriots 81 Hunter Henry
70%
Houston Texans 82 Dalton Schultz
68%
Los Angeles Rams 80 Tyler Higbee
65%
Pittsburgh Steelers 85 Pat Freiermuth
63%
Arizona Cardinals 83 Zach Ertz
62%
Los Angeles Chargers 82 Gerald Everett
44%
New England Patriots 81 Mike Gesicki
43%
Carolina Panthers 80 Hayden Hurst
35%
Chicago Bears 79 Marcedes Lewis
23%
No matching quizzes found
Score Distribution
Percent of People with Each Score
Percentile by Number Answered
Your Score History
You have not taken this quiz